LECTURES ON HOMEOPATHIC PHILOSOPHY (Record no. 24148)

MARC details
000 -LEADER
fixed length control field 00365nam a22001457a 4500
003 - CONTROL NUMBER IDENTIFIER
control field SGT
082 ## - DEWEY DECIMAL CLASSIFICATION NUMBER
Classification number 615.532
Item number I67T
100 ## - MAIN ENTRY--PERSONAL NAME
Personal name TYLER KENT, JAMES
245 ## - TITLE STATEMENT
Title LECTURES ON HOMEOPATHIC PHILOSOPHY
260 ## - PUBLICATION, DISTRIBUTION, ETC. (IMPRINT)
Place of publication, distribution, etc BARANAGORE
Name of publisher, distributor, etc U.S. DEY
Year of Publication 1967
300 ## - PAGE DESCRIPTION
No. of Pages 244
650 ## - SUBJECT ADDED ENTRY--TOPICAL TERM
Topical term or geographic name as entry element HOMEOPATHIC PHILOSOPHY
653 ## - KEYWORDS--INDEX TERM
Keyword term LECTURES , HOMEOPATHIC PHILOSOPHY
942 ## - ADDED ENTRY ELEMENTS (KOHA)
Source of classification or shelving scheme Dewey Decimal Classification
Koha item type Rare Books
Holdings
Withdrawn status Lost status Source of classification or shelving scheme Damaged status Not for loan Collection code Home library Current library Shelving location Date acquired Vendor Name Full call number Accession No. (Barcode) Date last seen Bill Date Koha item type
    Dewey Decimal Classification     AYURVEDA SGT FA-FP Library SGT FA-FP Library On Display 11/07/2023 GIFTED 615.532 I67T FA12866 11/07/2023 11/07/2023 Rare Books